[Event "ICS rated blitz match"]
[Site "204.178.125.65"]
[Date "2001.01.26"]
[Round "?"]
[White "salzi"]
[Black "Hossa"]
[Result "0-1"]
[WhiteElo "2092"]
[BlackElo "2575"]
[PlyCount "50"]
[EventDate "2001.??.??"]

1. d4 Nf6 2. c4 g6 3. Nc3 d5 4. Bf4 Bg7 5. e3 O-O 6. Rc1 Nc6 7. h3 Be6 8. c5
Ne4 9. Nf3 Bf5 10. Bd3 Nb4 11. Bb1 c6 12. a3 Nxc3 13. Rxc3 Bxb1 14. Qxb1 Na6
15. O-O Nc7 16. Rcc1 Ne6 17. Be5 f6 18. Bh2 Ng5 19. Nxg5 fxg5 20. Qc2 Qd7 21.
Qc3 g4 22. hxg4 Qxg4 23. b4 Qh4 24. a4 Rf5 25. b5 Rh5 {salzi resigns} 0-1

[Event "ICS Rated blitz match"]
[Site "204.178.125.65"]
[Date "2001.01.26"]
[Round "?"]
[White "Hossa"]
[Black "salzi"]
[Result "1-0"]
[WhiteElo "2577"]
[BlackElo "2090"]
[PlyCount "41"]
[EventDate "2001.??.??"]

1. c4 e5 2. Nc3 d6 3. g3 c6 4. d4 Be6 5. Nf3 Nd7 6. d5 cxd5 7. cxd5 Bg4 8. Bg2
f5 9. h3 Bh5 10. O-O Ngf6 11. Ng5 Bf7 12. Ne6 Bxe6 13. dxe6 Nc5 14. b4 Nce4 15.
Bxe4 fxe4 16. Bg5 Be7 17. Bxf6 Bxf6 18. Nxe4 Be7 19. Qa4+ Kf8 20. Qb5 Rb8 21.
f4 {salzi resigns} 1-0

[Event "ICS rated blitz match"]
[Site "204.178.125.65"]
[Date "2001.01.26"]
[Round "?"]
[White "PostModernist"]
[Black "Hossa"]
[Result "1-0"]
[WhiteElo "2539"]
[BlackElo "2579"]
[PlyCount "97"]
[EventDate "2001.??.??"]

1. e4 d5 2. exd5 Qxd5 3. Nc3 Qa5 4. d4 Nf6 5. Nf3 Bg4 6. h3 Bxf3 7. Qxf3 c6 8.
Bd2 e6 9. Bc4 Qb6 10. O-O-O Qxd4 11. Bb3 Bb4 12. Nb5 cxb5 13. Qxb7 O-O 14. Qxa8
Bxd2+ 15. Rxd2 Qc5 16. Qf3 a5 17. a4 bxa4 18. Bxa4 Qb4 19. Qb3 Qf4 20. g3 Qe4
21. Rhd1 Nd5 22. Qb5 Qe5 23. Bb3 Qf6 24. Bxd5 exd5 25. Rxd5 a4 26. Rd6 Qe7 27.
Qa5 a3 28. bxa3 h5 29. Qxh5 Qa7 30. Qf3 Qc7 31. Qd3 Nc6 32. Qc3 Qb6 33. Qxc6
Qxf2 34. Rd8 Qe3+ 35. Kb2 Rxd8 36. Rxd8+ Kh7 37. Re8 Qxg3 38. Qe4+ Qg6 39. Qh4+
Qh6 40. Qxh6+ Kxh6 41. c4 f5 42. c5 f4 43. c6 Kg5 44. c7 Kh5 45. c8=Q Kg5 46.
Re5+ Kh6 47. Qh8+ Kg6 48. Qe8+ Kf6 49. Qe6# {Hossa checkmated} 1-0

[Event "ICS rated blitz match"]
[Site "204.178.125.65"]
[Date "2001.01.27"]
[Round "?"]
[White "PostModernist"]
[Black "Hossa"]
[Result "1-0"]
[WhiteElo "2570"]
[BlackElo "2546"]
[PlyCount "149"]
[EventDate "2001.??.??"]

1. d4 Nf6 2. c4 g6 3. g3 Bg7 4. Nf3 d5 5. cxd5 Nxd5 6. Bg2 Nb6 7. O-O Nc6 8.
Nc3 Nxd4 9. Nxd4 Qxd4 10. Nb5 Qe5 11. a4 O-O 12. Bf4 Qxb2 13. Rb1 Qa2 14. Nxc7
Bg4 15. Nxa8 Bxe2 16. Qd2 Qxd2 17. Bxd2 Bxf1 18. Bxf1 Rxa8 19. a5 Nd5 20. Rxb7
e6 21. Bg2 h5 22. Be1 a6 23. Rd7 Rc8 24. Bd2 Rc5 25. Rd8+ Kh7 26. Rd7 Rc7 27.
Rxc7 Nxc7 28. Bb7 Bd4 29. Kg2 Kg7 30. Bb4 Kf6 31. f4 Kg7 32. Bd6 Nd5 33. Bxa6
Bc3 34. Be5+ Bxe5 35. fxe5 Nc7 36. Bd3 f6 37. exf6+ Kxf6 38. a6 Ke5 39. a7 g5
40. Be2 g4 41. h3 Kd5 42. hxg4 hxg4 43. Bxg4 e5 44. Bf5 e4 45. Kf2 Kd4 46. Bc8
e3+ 47. Ke2 Ke4 48. Bb7+ Kf5 49. Kxe3 Kg4 50. Kf2 Kf5 51. a8=Q Nb5 52. Qf8+ Ke6
53. Bd5+ Kd7 54. Bc6+ Kxc6 55. Qe8+ Kb6 56. Qxb5+ Kxb5 57. g4 Kc5 58. Kf3 Kd5
59. Kf4 Ke6 60. Kg5 Kf7 61. Kh6 Kg8 62. g5 Kf7 63. g6+ Kf8 64. Kh7 Ke7 65. g7
Kd6 66. g8=Q Kc5 67. Qb3 Kd4 68. Qa4+ Ke3 69. Qd1 Kf2 70. Kg6 Kg2 71. Qe2+ Kh1
72. Kh5 Kg1 73. Kh4 Kh1 74. Kh3 Kg1 75. Qg2# {Hossa checkmated} 1-0

[Event "ICS rated blitz match"]
[Site "204.178.125.65"]
[Date "2001.01.27"]
[Round "?"]
[White "Hossa"]
[Black "Yariv"]
[Result "1-0"]
[WhiteElo "2531"]
[BlackElo "2103"]
[PlyCount "49"]
[EventDate "2001.??.??"]

1. e4 c5 2. Nc3 Nc6 3. Nf3 e5 4. Bc4 Be7 5. d3 Nf6 6. O-O O-O 7. Nd5 Nxd5 8.
exd5 Nd4 9. Nxe5 d6 10. c3 dxe5 11. cxd4 cxd4 12. Qh5 Bd6 13. f4 Qf6 14. fxe5
Qxe5 15. Qxe5 Bxe5 16. Bf4 Bf6 17. d6 Bd7 18. Bd5 Rab8 19. Rac1 Rfc8 20. Rc7
Bb5 21. Rxf7 Bc6 22. Be6 Re8 23. d7 Rxe6 24. Bxb8 Kxf7 25. d8=Q {Yariv resigns}
1-0

[Event "ICS rated blitz match"]
[Site "204.178.125.65"]
[Date "2001.01.27"]
[Round "?"]
[White "Hossa"]
[Black "NOCOLFILA"]
[Result "1-0"]
[WhiteElo "2546"]
[BlackElo "2260"]
[PlyCount "53"]
[EventDate "2001.??.??"]

1. e4 c5 2. Nc3 Nc6 3. Nf3 d6 4. d4 cxd4 5. Nxd4 Nf6 6. Bg5 e6 7. Bb5 Bd7 8.
O-O Be7 9. Nb3 a6 10. Bd3 O-O 11. Qe2 Qc7 12. a3 b5 13. a4 b4 14. Nd1 a5 15.
Ne3 Ne5 16. f4 Nxd3 17. cxd3 Bc6 18. Nd4 Be8 19. Rfc1 Qa7 20. Nb5 Bxb5 21. axb5
e5 22. Rc6 Ng4 23. Bxe7 Nxe3 24. Bxf8 Ng4+ 25. b6 Qb7 26. Qxg4 Qxc6 27. Qxg7# {
NOCOLFILA checkmated} 1-0

[Event "ICS rated blitz match"]
[Site "204.178.125.65"]
[Date "2001.01.27"]
[Round "?"]
[White "armenjan"]
[Black "Hossa"]
[Result "0-1"]
[WhiteElo "2030"]
[BlackElo "2551"]
[PlyCount "72"]
[EventDate "2001.??.??"]

1. e4 d5 2. e5 c5 3. c3 Nc6 4. d4 cxd4 5. cxd4 Bf5 6. Nc3 e6 7. a3 f6 8. f4
fxe5 9. dxe5 d4 10. Nb5 a6 11. Nd6+ Bxd6 12. exd6 Qxd6 13. Nf3 Nf6 14. Bd3 Bxd3
15. Qxd3 O-O 16. O-O Rad8 17. Bd2 Rc8 18. Rae1 Qd5 19. Ne5 Nd7 20. Nxd7 Qxd7
21. Re4 Rf6 22. Rfe1 Qf7 23. g3 Rd8 24. Qb3 Rd6 25. Bb4 Rd5 26. Bd2 d3 27. R1e3
Qd7 28. f5 Rdxf5 29. Rxe6 Rf1+ 30. Kg2 R6f2+ 31. Kh3 Rh1 32. Qxd3 Rhxh2+ 33.
Kg4 Ne5+ 34. R3xe5 h5+ 35. Kg5 Qxd3 36. Re8+ Kh7 {armenjan resigns} 0-1

[Event "ICS rated standard match"]
[Site "204.178.125.65"]
[Date "2001.01.27"]
[Round "?"]
[White "Hossa"]
[Black "waspy"]
[Result "1-0"]
[WhiteElo "2312"]
[BlackElo "2122"]
[PlyCount "77"]
[EventDate "2001.??.??"]

1. e4 c5 2. Nc3 e6 3. f4 d5 4. Bb5+ Nc6 5. Nf3 a6 6. Bxc6+ bxc6 7. O-O c4 8. d3
cxd3 9. cxd3 Bc5+ 10. d4 Bd6 11. e5 Bc7 12. Na4 Ne7 13. Nc5 a5 14. b3 Bb6 15.
Ba3 O-O 16. Qc2 h6 17. g4 Re8 18. Na4 Ba6 19. Rf2 Bb5 20. Nxb6 Qxb6 21. f5 a4
22. fxe6 fxe6 23. bxa4 Bxa4 24. Qc1 Bb5 25. g5 Nf5 26. Bc5 Qc7 27. Qf4 Ra4 28.
gxh6 gxh6 29. Rg2+ Kh7 30. Qg4 Qf7 31. Qh3 Kh8 32. Ng5 Qd7 33. Qh5 Rg8 34. Nf7+
Kh7 35. Rxg8 Kxg8 36. Qg6+ Ng7 37. Nxh6+ Kh8 38. Nf7+ Kg8 39. Ng5 {
waspy resigns} 1-0

[Event "ICS rated blitz match"]
[Site "204.178.125.65"]
[Date "2001.01.27"]
[Round "?"]
[White "Hossa"]
[Black "PostModernist"]
[Result "0-1"]
[WhiteElo "2553"]
[BlackElo "2545"]
[PlyCount "142"]
[EventDate "2001.??.??"]

1. e4 e6 2. b3 d5 3. Bb2 c5 4. exd5 exd5 5. Nf3 a6 6. Be2 Nc6 7. O-O Nf6 8. Re1
Be7 9. d4 O-O 10. a3 Be6 11. dxc5 Bxc5 12. Bd3 Qb6 13. Rf1 Ng4 14. Qe2 Rae8 15.
b4 Bf5 16. Qd2 Bxd3 17. cxd3 Bd4 18. Nc3 Nge5 19. Nxe5 Nxe5 20. Nxd5 Qg6 21.
Kh1 Bxb2 22. Qxb2 Nxd3 23. Qd4 Qe4 24. Qxe4 Rxe4 25. Rad1 Nb2 26. f3 Re2 27.
Rc1 Rd8 28. Rc7 h6 29. Nf4 Re3 30. Rxb7 Rxa3 31. Kg1 Rc3 32. Rb6 Rd2 33. Rxa6
Rcc2 34. Kh1 g5 35. Nh5 Rxg2 36. Ra8+ Kh7 37. Nf6+ Kg6 38. Ng4 Kg7 39. Ra5 Nd3
40. Rb1 Rge2 41. h4 Nc1 42. Re5 gxh4 43. Ra1 Red2 44. Ne3 Ne2 45. Re4 Ng3+ 46.
Kg1 Nxe4 47. fxe4 Rb2 48. Nf5+ Kh7 49. Nxh4 Rd4 50. Nf5 Rxe4 51. Nd6 Rg4+ 52.
Kf1 Rgxb4 53. Rd1 Rf4+ 54. Kg1 Rg4+ 55. Kf1 Rgg2 56. Ne4 f5 57. Rd7+ Kg6 58.
Rd6+ Kh5 59. Nf6+ Kh4 60. Rd3 Rbf2+ 61. Ke1 Ra2 62. Kf1 Rgc2 63. Re3 f4 64. Re5
Kg3 65. Ng4 Kxg4 66. Re1 Rf2+ 67. Kg1 Kg3 68. Rb1 Rg2+ 69. Kh1 Rh2+ 70. Kg1
Rag2+ 71. Kf1 Rh1# {Hossa checkmated} 0-1

[Event "ICS rated standard match"]
[Site "204.178.125.65"]
[Date "2001.01.27"]
[Round "?"]
[White "Hossa"]
[Black "Tiger-Chess10"]
[Result "1-0"]
[WhiteElo "2320"]
[BlackElo "2212"]
[PlyCount "74"]
[EventDate "2001.??.??"]

1. d4 Nf6 2. c4 e5 3. dxe5 Ng4 4. Bf4 Bb4+ 5. Nc3 Nc6 6. Nf3 Bxc3+ 7. bxc3 Qe7
8. Qd5 f6 9. exf6 Nxf6 10. Qd3 d6 11. g3 Ne4 12. Bg2 O-O 13. Nd4 Nc5 14. Qd2
Ne5 15. Qe3 Bd7 16. Bxe5 Qxe5 17. Qxe5 dxe5 18. Nb3 Nxb3 19. Bd5+ Kh8 20. axb3
c6 21. Be4 a5 22. Kd2 Be6 23. Ke3 g6 24. Ra2 a4 25. Rha1 Bf5 26. Bxf5 gxf5 27.
Rxa4 Rad8 28. Ra7 Rd7 29. R1a6 Rff7 30. Ra5 f4+ 31. gxf4 exf4+ 32. Kf3 Rd2 33.
Ra8+ Kg7 34. Rg5+ Kf6 35. Rg4 Ke6 36. Rxf4 Rxf4+ 37. Kxf4 Rxe2 {
Tiger-Chess10 resigns} 1-0

[Event "ICS rated blitz match"]
[Site "204.178.125.65"]
[Date "2001.01.27"]
[Round "?"]
[White "HLP"]
[Black "Hossa"]
[Result "1-0"]
[WhiteElo "2258"]
[BlackElo "2537"]
[PlyCount "113"]
[EventDate "2001.??.??"]

1. d4 Nf6 2. Nf3 d5 3. c4 c6 4. cxd5 cxd5 5. Nc3 e6 6. Bg5 Bd6 7. e3 Nc6 8. Bd3
Bd7 9. O-O Nb4 10. Bb1 h6 11. Bh4 Rc8 12. a3 Nc6 13. Bg3 Bxg3 14. hxg3 g5 15.
Ne5 a6 16. Bd3 h5 17. f4 Ng4 18. Nxg4 hxg4 19. Qxg4 Qe7 20. fxg5 e5 21. Bf5 Rd8
22. g6 Be6 23. gxf7+ Bxf7 24. Bg6 Rd6 25. Bxf7+ Kd8 26. Nxd5 Rxd5 27. Bxd5 exd4
28. Qe4 Qxe4 29. Bxe4 dxe3 30. Bxc6 bxc6 31. Rae1 Re8 32. Rf3 Kc7 33. Rfxe3 Rb8
34. b4 Rg8 35. Rd3 Rg6 36. Re7+ Kb6 37. a4 a5 38. bxa5+ Kxa5 39. Re4 Kb6 40.
Rc4 Kc7 41. Rdc3 Rd6 42. Rxc6+ Rxc6 43. Rxc6+ Kxc6 44. g4 Kd6 45. g5 Kd5 46. a5
Kd6 47. a6 Kc5 48. g6 Kc6 49. g7 Kb6 50. g8=Q Kc5 51. Qc8+ Kd5 52. a7 Kd4 53.
a8=Q Ke5 54. Qa5+ Kf6 55. Qc6+ Kg7 56. Qa7+ Kg8 57. Qca8# {Hossa checkmated}
1-0

[Event "ICS rated blitz match"]
[Site "204.178.125.65"]
[Date "2001.01.27"]
[Round "?"]
[White "krahs2"]
[Black "Hossa"]
[Result "0-1"]
[WhiteElo "1932"]
[BlackElo "2513"]
[PlyCount "78"]
[EventDate "2001.??.??"]

1. Nf3 d5 2. d4 Nc6 3. c3 Nf6 4. Bf4 e6 5. Nbd2 Bd7 6. e3 Nh5 7. Bg5 Be7 8.
Bxe7 Nxe7 9. Ne5 Nf6 10. Bd3 b6 11. f4 c5 12. O-O a6 13. g4 c4 14. Bc2 Bb5 15.
g5 Nd7 16. Qg4 g6 17. Ndf3 Nf5 18. Rfe1 Nxe5 19. Nxe5 Nd6 20. e4 dxe4 21. Bxe4
Nxe4 22. Rxe4 Qd5 23. Rae1 Ba4 24. R4e2 a5 25. Qf3 Qxf3 26. Nxf3 Bc6 27. Ne5
Bd5 28. Ng4 O-O-O 29. Nf6 h6 30. Re5 Bc6 31. d5 Bxd5 32. Nxd5 Rxd5 33. Rxd5
exd5 34. Re7 hxg5 35. fxg5 Rh5 36. Re5 f5 37. Rxd5 Rxg5+ 38. Kf2 Rh5 39. Kg3
f4+ {krahs2 resigns} 0-1

[Event "ICS rated blitz match"]
[Site "204.178.125.65"]
[Date "2001.01.27"]
[Round "?"]
[White "Hossa"]
[Black "krahs2"]
[Result "1-0"]
[WhiteElo "2514"]
[BlackElo "1931"]
[PlyCount "93"]
[EventDate "2001.??.??"]

1. d4 Nf6 2. Nf3 g6 3. g3 Bg7 4. Bg2 O-O 5. O-O d6 6. c4 Nbd7 7. b3 e5 8. dxe5
Nxe5 9. Nxe5 dxe5 10. Ba3 Qxd1 11. Rxd1 Re8 12. Nc3 c6 13. Rd2 a5 14. Bc5 Bf5
15. Rad1 e4 16. Bd4 h5 17. a3 Ng4 18. Bxg7 Kxg7 19. e3 Nf6 20. h3 Re7 21. Rd4
Rae8 22. Rd6 Nd7 23. Nxe4 Rxe4 24. Bxe4 Rxe4 25. Rxd7 Bxd7 26. Rxd7 a4 27. Rxb7
axb3 28. Rb4 b2 29. Rxb2 Rxc4 30. Kg2 Kf6 31. h4 Ke6 32. Kf3 Kd6 33. Rb7 Ra4
34. Rxf7 c5 35. Rf6+ Kd5 36. Rxg6 c4 37. Rg5+ Kd6 38. Rxh5 Rxa3 39. Rh6+ Kc5
40. Rh8 Ra2 41. Rc8+ Kb4 42. Rb8+ Kc3 43. g4 Kd2 44. h5 c3 45. h6 Ke1 46. h7
Rxf2+ 47. Kg3 {krahs2 resigns} 1-0

[Event "ICS rated blitz match"]
[Site "204.178.125.65"]
[Date "2001.01.27"]
[Round "?"]
[White "krahs2"]
[Black "Hossa"]
[Result "0-1"]
[WhiteElo "1930"]
[BlackElo "2515"]
[PlyCount "64"]
[EventDate "2001.??.??"]

1. Nf3 Nf6 2. Nc3 d5 3. d4 Bf5 4. Bg5 h6 5. Bxf6 gxf6 6. e3 Bg7 7. Qd2 e5 8.
O-O-O e4 9. Nh4 Be6 10. f3 f5 11. g3 O-O 12. f4 Nc6 13. Bh3 Ne7 14. Qe2 c5 15.
Qh5 cxd4 16. exd4 Qd7 17. Rhg1 b5 18. g4 fxg4 19. Bxg4 Qc7 20. Ne2 Rac8 21. c3
f5 22. Bh3 Rf6 23. Rg3 Bf7 24. Ng6 Bxg6 25. Qh4 Qc4 26. Rg2 Qxa2 27. Rdg1 b4
28. Qf2 Qa1+ 29. Kd2 Qxb2+ 30. Ke3 Rxc3+ 31. Nxc3 Qxc3+ 32. Ke2 Ra6 {
krahs2 resigns} 0-1

[Event "ICS rated blitz match"]
[Site "204.178.125.65"]
[Date "2001.01.27"]
[Round "?"]
[White "armenjan"]
[Black "Hossa"]
[Result "0-1"]
[WhiteElo "2047"]
[BlackElo "2518"]
[PlyCount "98"]
[EventDate "2001.??.??"]

1. Nf3 Nf6 2. c4 e6 3. Nc3 d5 4. cxd5 exd5 5. d4 Bd6 6. Bg5 c6 7. Qc2 Na6 8. e3
Nb4 9. Qd2 Bf5 10. Rc1 a5 11. a3 Na6 12. Bd3 Bxd3 13. Qxd3 O-O 14. O-O Qe7 15.
Rfd1 Nc7 16. Bh4 Ra6 17. Bg3 Bxg3 18. hxg3 Ne4 19. Ne5 Nxc3 20. Qxc3 f6 21. Nd3
Ne6 22. Nc5 Raa8 23. Nxe6 Qxe6 24. b4 axb4 25. axb4 Ra2 26. Ra1 Rfa8 27. Rxa2
Rxa2 28. Ra1 Qf5 29. Rxa2 Qb1+ 30. Kh2 Qxa2 31. f3 Qe2 32. g4 Kf7 33. Kg3 Ke6
34. Qa3 Qe1+ 35. Kh2 Kd7 36. Qb3 g6 37. b5 Qf2 38. bxc6+ Kxc6 39. Kh1 Qd2 40.
Kh2 Qa5 41. Kg3 Qa1 42. Qc2+ Kd7 43. Kf2 b6 44. Qb3 Kc6 45. f4 Qa5 46. g3 Qd2+
47. Kf3 Qe1 48. Qc2+ Kd6 49. Qb3 Qf1# {armenjan checkmated} 0-1

[Event "ICS rated blitz match"]
[Site "204.178.125.65"]
[Date "2001.01.27"]
[Round "?"]
[White "Hossa"]
[Black "armenjan"]
[Result "1-0"]
[WhiteElo "2520"]
[BlackElo "2039"]
[PlyCount "91"]
[EventDate "2001.??.??"]

1. d4 d6 2. c4 Nf6 3. Nf3 c6 4. e3 Nbd7 5. Bd3 e5 6. Nc3 g6 7. Bc2 Bg7 8. dxe5
dxe5 9. Qd6 Qe7 10. Qxe7+ Kxe7 11. O-O Re8 12. b3 Kf8 13. Ba3+ Kg8 14. Rad1 h6
15. Bd6 Bf8 16. Bxf8 Kxf8 17. Rd6 a5 18. Rfd1 Kg7 19. a3 Nf8 20. Nd2 Bg4 21. f3
Be6 22. Nf1 N8d7 23. Ng3 Nc5 24. Nge4 Ncxe4 25. Bxe4 Nxe4 26. Nxe4 a4 27. R1d3
Bf5 28. b4 Bxe4 29. fxe4 Re7 30. Rd1 Rae8 31. c5 Rc7 32. Kf2 Rb8 33. g4 b6 34.
cxb6 Rxb6 35. Kf3 Rb5 36. Rc1 Rb6 37. Rc5 f6 38. Ra5 Kf7 39. Rxa4 Ke7 40. Rd1
c5 41. bxc5 Rxc5 42. Ra7+ Ke6 43. Rd8 Rc3 44. Re8+ Kd6 45. Rf7 Kc5 46. Rc7+ {
armenjan resigns} 1-0

[Event "ICS rated blitz match"]
[Site "204.178.125.65"]
[Date "2001.01.27"]
[Round "?"]
[White "armenjan"]
[Black "Hossa"]
[Result "0-1"]
[WhiteElo "2037"]
[BlackElo "2522"]
[PlyCount "54"]
[EventDate "2001.??.??"]

1. d4 Nf6 2. Nf3 e6 3. g3 b6 4. Bg2 Bb7 5. O-O c5 6. c4 cxd4 7. Qxd4 Bc5 8. Qd1
O-O 9. Nc3 d6 10. b3 Nc6 11. Bb2 Ng4 12. Nb5 a6 13. Nbd4 Nxd4 14. Bxd4 Qc7 15.
Rc1 Ba3 16. Rc3 e5 17. Be3 Bb4 18. Rc1 Nxe3 19. fxe3 Qc5 20. Kf2 Ba3 21. Rc2
Be4 22. Rd2 Bb4 23. Rd3 Bxd3 24. Qxd3 f5 25. Ng5 e4 26. Qc2 f4 27. Ne6 Qxe3# {
armenjan checkmated} 0-1

[Event "ICS rated blitz match"]
[Site "204.178.125.65"]
[Date "2001.01.27"]
[Round "?"]
[White "Hossa"]
[Black "krahs2"]
[Result "1/2-1/2"]
[WhiteElo "2524"]
[BlackElo "1921"]
[PlyCount "111"]
[EventDate "2001.??.??"]

1. d4 Nf6 2. c4 g6 3. Nc3 Bg7 4. e4 d6 5. f3 O-O 6. Be3 b6 7. Bd3 c5 8. d5 Nbd7
9. Nge2 a6 10. Bc2 Ne5 11. b3 Bd7 12. a3 b5 13. cxb5 axb5 14. O-O c4 15. Nd4
Rb8 16. Bg5 cxb3 17. Bxb3 Nc4 18. Qd3 h6 19. Bxf6 Bxf6 20. Nce2 Ne5 21. Qd2 Qb6
22. Qxh6 Nxf3+ 23. gxf3 Bxd4+ 24. Nxd4 Qxd4+ 25. Kh1 Rfc8 26. Rab1 Rc3 27. a4
b4 28. Qh4 Re8 29. Qf2 Qd3 30. Rbd1 Qa6 31. Qa2 Rec8 32. Rf2 Bh3 33. Rb1 Qd3
34. Re1 Rc1 35. Qe2 Qxb3 36. Qd2 Qc3 37. Qxc3 R8xc3 38. Rfe2 Rxe1+ 39. Rxe1 Ra3
40. f4 Rxa4 41. Kg1 b3 42. Rb1 Rb4 43. Kf2 b2 44. Kg3 Bd7 45. Kf3 Ba4 46. e5
Bc2 47. Rg1 b1=Q 48. Rxb1 Rxb1 49. h4 dxe5 50. fxe5 Rb4 51. Kg3 f6 52. d6 exd6
53. exd6 Rd4 54. Kf2 Rxd6 55. h5 gxh5 56. Kf3 {
krahs2 ran out of time and Hossa has no material to mate} 1/2-1/2

[Event "ICS rated blitz match"]
[Site "204.178.125.65"]
[Date "2001.01.27"]
[Round "?"]
[White "Hossa"]
[Black "frankenpole"]
[Result "1-0"]
[WhiteElo "2510"]
[BlackElo "1942"]
[PlyCount "53"]
[EventDate "2001.??.??"]

1. d4 Nf6 2. Nf3 e6 3. g3 Be7 4. Bg2 d5 5. O-O O-O 6. Bf4 Nbd7 7. c3 c6 8. Nbd2
Nh5 9. Be3 Nhf6 10. Bg5 Nh5 11. Bxe7 Qxe7 12. Re1 Nhf6 13. Qc2 Nb6 14. Ne5 Nc4
15. Ndxc4 dxc4 16. Nxc4 b5 17. Bxc6 Rb8 18. Ne5 Bb7 19. Bxb5 a6 20. Bc6 Bxc6
21. Nxc6 Qc7 22. Nxb8 Rxb8 23. e4 Qb7 24. b3 a5 25. f3 a4 26. bxa4 Qb2 27. Rab1
{frankenpole resigns} 1-0

[Event "ICS rated blitz match"]
[Site "204.178.125.65"]
[Date "2001.01.27"]
[Round "?"]
[White "uncleez"]
[Black "Hossa"]
[Result "0-1"]
[WhiteElo "1972"]
[BlackElo "2511"]
[PlyCount "30"]
[EventDate "2001.??.??"]

1. e4 e6 2. d4 d5 3. e5 Nc6 4. Nf3 Bb4+ 5. c3 Ba5 6. Bd3 Nge7 7. O-O h6 8. b4
Bb6 9. Nbd2 a5 10. bxa5 Nxa5 11. a4 Ba7 12. Ba3 Bd7 13. Bb4 b6 14. Nb3 Nxb3 15.
Qxb3 c5 {uncleez resigns} 0-1

[Event "ICS rated standard match"]
[Site "204.178.125.65"]
[Date "2001.01.27"]
[Round "?"]
[White "waspy"]
[Black "Hossa"]
[Result "1/2-1/2"]
[WhiteElo "2114"]
[BlackElo "2331"]
[PlyCount "70"]
[EventDate "2001.??.??"]

1. e4 e6 2. d4 d5 3. Nd2 c5 4. exd5 exd5 5. Ngf3 Nf6 6. Bb5+ Bd7 7. Bxd7+ Nbxd7
8. O-O Be7 9. Re1 O-O 10. dxc5 Nxc5 11. Nb3 Nxb3 12. axb3 Bc5 13. Be3 Qd6 14.
c3 Rfe8 15. Bxc5 Rxe1+ 16. Qxe1 Qxc5 17. Qd2 Ne4 18. Qd4 Qxd4 19. Nxd4 Nf6 20.
f3 a6 21. Kf2 g6 22. b4 Kg7 23. Ke3 h6 24. Nb3 Re8+ 25. Kd2 Re7 26. Nc5 Ne8 27.
Re1 Rxe1 28. Kxe1 Nd6 29. b3 Kf6 30. Kd2 h5 31. g3 g5 32. Kd3 Ke5 33. Nd7+ Ke6
34. Nc5+ Ke5 35. Nd7+ Ke6 {Game drawn by mutual agreement} 1/2-1/2

[Event "ICS rated blitz match"]
[Site "204.178.125.65"]
[Date "2001.01.27"]
[Round "?"]
[White "krahs2"]
[Black "Hossa"]
[Result "0-1"]
[WhiteElo "1910"]
[BlackElo "2513"]
[PlyCount "72"]
[EventDate "2001.??.??"]

1. Nf3 Nf6 2. Nc3 d5 3. d4 Bf5 4. Bg5 h6 5. Bxf6 gxf6 6. e3 e6 7. a3 c5 8. Qd2
Nc6 9. h3 Rg8 10. g4 Be4 11. Nxe4 dxe4 12. Nh2 cxd4 13. O-O-O Bc5 14. Bb5 dxe3
15. Bxc6+ bxc6 16. fxe3 Qxd2+ 17. Kxd2 O-O-O+ 18. Ke2 f5 19. Rxd8+ Kxd8 20. Rg1
Bd6 21. Nf1 h5 22. Nd2 hxg4 23. hxg4 Rxg4 24. Rxg4 fxg4 25. Nxe4 Ke7 26. b4 f5
27. Nd2 e5 28. c4 f4 29. Ne4 Ke6 30. c5 Be7 31. exf4 exf4 32. Nd2 Bf6 33. Nc4
Kd5 34. Nd6 f3+ 35. Kf2 Bd4+ 36. Kf1 g3 {krahs2 resigns} 0-1

[Event "ICS rated blitz match"]
[Site "204.178.125.65"]
[Date "2001.01.27"]
[Round "?"]
[White "Cocovitsch"]
[Black "Hossa"]
[Result "0-1"]
[WhiteElo "2363"]
[BlackElo "2515"]
[PlyCount "122"]
[EventDate "2001.??.??"]

1. d4 Nf6 2. c4 g6 3. Nc3 Bg7 4. e4 d6 5. f3 O-O 6. Bg5 c5 7. d5 e6 8. Qd2 exd5
9. cxd5 Nbd7 10. Nh3 Nb6 11. Nf2 Bd7 12. Be2 Na4 13. O-O Nxc3 14. bxc3 Qe7 15.
c4 Rab8 16. a4 Rfd8 17. Bd3 Qf8 18. h3 h6 19. Be3 Nh5 20. Ra2 Ng3 21. Rb1 f5
22. Bf4 Nh5 23. Bh2 fxe4 24. Nxe4 Bc8 25. Re1 Bd4+ 26. Kh1 Ra8 27. Rc2 Kh7 28.
Rcc1 Bf5 29. Re2 Rac8 30. Rce1 Rc7 31. Nc3 Bxd3 32. Qxd3 a6 33. Re6 Nf6 34. Ne4
Nxe4 35. Qxe4 Rg7 36. Re7 Bc3 37. Rxg7+ Qxg7 38. Re2 Bf6 39. Qe6 Qf8 40. Bg3 b6
41. Kh2 Kh8 42. Re1 h5 43. Rb1 h4 44. Bf2 Rb8 45. Be3 Re8 46. Bh6 Rxe6 47. Bxf8
Be5+ 48. Kg1 Re8 49. Bh6 Rb8 50. Bd2 Bf6 51. Rb3 Rb7 52. Bc3 Bxc3 53. Rxc3 b5
54. cxb5 axb5 55. axb5 Rxb5 56. Kf2 Rb2+ 57. Kf1 Rd2 58. Re3 Rxd5 59. Re6 Kg7
60. Ke2 Kf7 61. Ke3 Kxe6 {Cocovitsch resigns} 0-1

[Event "ICS rated blitz match"]
[Site "204.178.125.65"]
[Date "2001.01.27"]
[Round "?"]
[White "Hossa"]
[Black "STYNETS"]
[Result "1-0"]
[WhiteElo "2524"]
[BlackElo "2427"]
[PlyCount "119"]
[EventDate "2001.??.??"]

1. e4 a6 2. d4 c5 3. c3 cxd4 4. cxd4 Nf6 5. e5 Nd5 6. Nf3 e6 7. Bd3 d6 8. O-O
Nc6 9. Nc3 dxe5 10. dxe5 Nxc3 11. bxc3 Be7 12. Qc2 Bd7 13. Rd1 Qc7 14. Be4 Rc8
15. Rb1 b5 16. Qd3 Na5 17. Bg5 Bc6 18. Bxe7 Qxe7 19. a4 Bxe4 20. Qxe4 O-O 21.
axb5 axb5 22. Rxb5 Nc6 23. Rc1 h6 24. Rb6 Qd7 25. Rbb1 Rfd8 26. c4 Qd3 27. Qxd3
Rxd3 28. Rb5 Rcd8 29. Kf1 Nd4 30. Nxd4 R8xd4 31. g3 Rd1+ 32. Rxd1 Rxd1+ 33. Ke2
Rc1 34. Kd3 g5 35. f3 Kg7 36. Rb2 Rd1+ 37. Rd2 Rc1 38. Rc2 Rd1+ 39. Ke2 Rd7 40.
Ke3 Kf8 41. c5 Ke7 42. c6 Rc7 43. Kd4 Kd8 44. Kc5 Ra7 45. Rd2+ Kc8 46. Rd3 Ra2
47. Rd7 Rxh2 48. Rxf7 Re2 49. Kd6 Rd2+ 50. Kxe6 h5 51. Rh7 h4 52. gxh4 gxh4 53.
Rxh4 Kc7 54. Rc4 Rf2 55. f4 Kd8 56. f5 Kc7 57. f6 Kd8 58. c7+ Kc8 59. f7 Rf4
60. Rxf4 {STYNETS resigns} 1-0

[Event "ICS rated blitz match"]
[Site "204.178.125.65"]
[Date "2001.01.27"]
[Round "?"]
[White "STYNETS"]
[Black "Hossa"]
[Result "0-1"]
[WhiteElo "2415"]
[BlackElo "2536"]
[PlyCount "50"]
[EventDate "2001.??.??"]

1. e4 d5 2. exd5 Qxd5 3. Nc3 Qa5 4. b4 Qxb4 5. Rb1 Qd6 6. Nf3 Nf6 7. Bc4 a6 8.
O-O b5 9. Bd3 Nbd7 10. Ne4 Qf4 11. g3 Qg4 12. Nxf6+ Nxf6 13. Ne5 Qxd1 14. Rxd1
Bh3 15. c4 bxc4 16. Bxc4 e6 17. Bxa6 Rxa6 18. Rb8+ Ke7 19. Ba3+ Rxa3 20. Rc1
Rxa2 21. f4 Nd5 22. Nc6+ Kf6 23. Ne5 Rxd2 24. g4 Nxf4 25. Nd7+ Rxd7 {
STYNETS resigns} 0-1

[Event "ICS rated blitz match"]
[Site "204.178.125.65"]
[Date "2001.01.27"]
[Round "?"]
[White "STYNETS"]
[Black "Hossa"]
[Result "0-1"]
[WhiteElo "2394"]
[BlackElo "2557"]
[PlyCount "84"]
[EventDate "2001.??.??"]

1. e4 e6 2. d4 d5 3. e5 Nc6 4. c3 f6 5. Bd3 Qd7 6. f4 Qf7 7. Nf3 Bd7 8. O-O
O-O-O 9. b4 Nh6 10. a4 Ne7 11. a5 Kb8 12. b5 Nc8 13. b6 cxb6 14. axb6 Nxb6 15.
Nbd2 Ng4 16. Nb3 Nc4 17. Na5 Nge3 18. Bxe3 Nxe3 19. Qb3 b6 20. Rfb1 g5 21.
Qxb6+ axb6 22. Rxb6+ Kc7 23. Rb7+ Kc8 24. Ba6 Re8 25. Nc6 Bxc6 26. Rxf7+ Kd8
27. Rb1 Be7 28. Bb7 Bxb7 29. Rxb7 g4 30. exf6 gxf3 31. fxe7+ Kc8 32. Ra7 fxg2
33. Kf2 Rhg8 34. Ra1 Nf1 35. Kg1 Nd2 36. Ra8+ Kb7 37. Rxe8 Nf3+ 38. Kf2 g1=Q+
39. Kxf3 Qf1+ 40. Ke3 Qh3+ 41. Kd2 Qxh2+ 42. Kd3 Rg3# {STYNETS checkmated} 0-1

[Event "ICS rated blitz match"]
[Site "204.178.125.65"]
[Date "2001.01.27"]
[Round "?"]
[White "Hossa"]
[Black "STYNETS"]
[Result "1-0"]
[WhiteElo "2566"]
[BlackElo "2385"]
[PlyCount "59"]
[EventDate "2001.??.??"]

1. d4 Nf6 2. Nf3 g6 3. g3 Bg7 4. Bg2 O-O 5. O-O d6 6. c4 Nbd7 7. b3 e5 8. dxe5
dxe5 9. Bb2 e4 10. Ng5 e3 11. fxe3 Ng4 12. Bxg7 Qxg5 13. Bxf8 Qxe3+ 14. Kh1
Nxf8 15. Nd2 Nf2+ 16. Rxf2 Qxf2 17. Ne4 Qe3 18. Qd8 Bh3 19. Nf6+ Kg7 20. Qxa8
Bxg2+ 21. Kxg2 Qxe2+ 22. Kh3 Kxf6 23. Qd8+ Kg7 24. Qd4+ Kg8 25. Qxa7 Qh5+ 26.
Kg2 Qe2+ 27. Kg1 b6 28. Qa8 Qe3+ 29. Kh1 Qe4+ 30. Qxe4 {STYNETS resigns} 1-0